|
|
|
|
| LEADER |
00000nab a2200000 a 4500 |
| 001 |
vtls009277441 |
| 003 |
SK-MaSNL |
| 005 |
20260304171621.0 |
| 008 |
250507|2007 xo |r|p||||||||00 b|slo |
| 015 |
|
|
|a SNBRA2008/03
|2 snkbucl
|
| 035 |
|
|
|a (uuid)36c0021d-f2ba-434e-9827-477330fd9468
|
| 035 |
|
|
|a urn:nbn:sk:snk-ab11z0
|
| 035 |
|
|
|a (urnnbn)urn:nbn:sk:snk:ar-a03ole
|
| 038 |
|
|
|a SNKBUCL
|
| 040 |
|
|
|a SNKBUCL
|b slo
|c SNKBUCL
|e AACR2
|
| 041 |
0 |
|
|a slo
|b eng
|b ger
|
| 044 |
|
|
|a xo
|c SK
|
| 080 |
|
|
|a 025.7/.9
|x (437.6)
|2 2001
|
| 080 |
|
|
|a 025.85
|x (437.6)
|2 2001
|
| 080 |
|
|
|a 027.54
|x (437.6)
|2 2001
|
| 080 |
|
|
|a 543.544.742
|2 2001
|
| 100 |
1 |
|
|a Bukovský, Vladimír,
|d 1946-
|4 aut
|9 216675
|
| 245 |
1 |
0 |
|a Prieskumy a kvalifikácia stavu fondov na papierových nosičoch informácií SNK v Martine
|c Vladimír Bukovský, Mária Trnková, Ivan Kuka
|
| 300 |
|
|
|b Fotogr.
|
| 504 |
|
|
|a Bibliogr. odkazy
|
| 546 |
|
|
|a Res. angl., nem.
|
| 610 |
2 |
7 |
|a Slovenská národná knižnica
|2 snkbucl
|9 30663
|
| 650 |
0 |
7 |
|a knižničné fondy
|2 snkbucl
|9 1300
|
| 650 |
0 |
7 |
|a archívne fondy
|2 snkbucl
|9 1974
|
| 650 |
0 |
7 |
|a ochrana knižničných fondov
|2 snkbucl
|9 1316
|
| 650 |
0 |
7 |
|a starnutie papiera
|2 snkbucl
|9 395664
|
| 650 |
0 |
7 |
|a deacidifikácia papiera
|2 snkbucl
|9 401671
|
| 650 |
0 |
7 |
|a kyslosť papiera
|2 snkbucl
|9 1492896
|
| 650 |
0 |
7 |
|a papier
|2 snkbucl
|9 19457
|
| 650 |
0 |
7 |
|a ochrana archívnych fondov
|2 snkbucl
|9 90746
|
| 700 |
1 |
|
|a Trnková, Mária,
|d 1958-
|4 aut
|9 214727
|
| 700 |
1 |
|
|a Kuka, Ivan,
|d 1960-
|4 aut
|9 256211
|
| 773 |
0 |
|
|t Kniha 2007
|d Martin : Slovenská národná knižnica, 2007
|g S. 314-329
|x 1336-5436
|z 9788089023974
|
| 850 |
|
|
|a Slovenská národná knižnica
|
| 852 |
|
|
|a Slovenská národná knižnica
|
| 954 |
|
|
|a odborná, vedecká literatúra pôvodná (slovenská)
|2 lita
|
| 958 |
|
|
|a article27
|
| 958 |
|
|
|a NB
|
| 958 |
|
|
|a KL
|
| 958 |
|
|
|a OND
|
| 958 |
|
|
|a EUIPO
|
| 999 |
|
|
|c 2994439
|d 2996369
|